| 000 | 01348nam a2200325 u 4500 | ||
|---|---|---|---|
| 003 | AM-YeHGA | ||
| 005 | 20250617154811.0 | ||
| 008 | 180214s1930 ru ||||| |||| 00| 0 rus d | ||
| 040 | _aAM-YeHGA | ||
| 041 | 0 | _arus | |
| 110 | 2 |
_aСССР _bГосударственная плановая комиссия _b Строительный сектор |
|
| 245 | 0 | 0 |
_aТехнические условия и нормы по устройству грунтовых колодцев : _b (Издается в порядке проекта) / |
| 260 |
_aМосква : _b Гос. план.-хоз. изд-во Планхозгиз _c1930. |
||
| 300 | _a61 с | ||
| 505 | 0 | 0 | _aГодъ 1902 (1902, 149 с.) |
| 505 | 0 | 0 | _aГодъ 1903 (1904, 130 с.) |
| 505 | 0 | 0 | _aГодъ 1912 (1913, 128 с.) |
| 505 | 0 | 0 | _aГодъ 1913 (1914, 104 с.) |
| 505 | 0 | 0 | _aГодъ 1914 (1915, 140 с.) |
| 505 | 0 | 0 | _aГодъ 1904 (1905, 117 с.) |
| 505 | 0 | 0 | _aГодъ 1911 (1912, 113 с.) |
| 505 | 0 | 0 | _aГодъ 1910 (1911, 106 с.) |
| 505 | 0 | 0 | _aГодъ 1909 (1910, 116 с.) |
| 505 | 0 | 0 | _aГодъ 1908 (1909, 114 с.) |
| 505 | 0 | 0 | _aГодъ 1906 (1907, 112 с.) |
| 505 | 0 | 0 | _aГодъ 1905 (1906, 89 с.) |
| 650 | 1 | 4 | _aГрунтовые колодцы - Технические условия и нормы |
| 942 |
_2udc _cBK |
||
| 090 | _c422442 | ||
| 999 |
_c420044 _d420044 |
||